[Event "4NCL Online Division 3"]
[Site "online"]
[Date "2020.05.19"]
[Round "7.133"]
[White "Emery, Ian"]
[Black "Kostadinov, Boris K"]
[Result "0-1"]
[WhiteElo "1825"]
[BlackElo "1622"]
[PlyCount "176"]
[EventDate "2020.05.19"]
[WhiteTeam "Warley Mighty Quins"]
[BlackTeam "Falmouth & Truro"]

1. e4 c5 2. Nf3 d6 3. Bb5+ Nc6 4. O-O Nf6 5. Re1 e5 6. h3 Qb6 7. a4 a6 8. Bf1
Be7 9. Na3 h6 10. Nc4 Qc7 11. a5 Rb8 12. c3 Be6 13. Qa4 Bd7 14. Qc2 O-O 15. d3
Be6 16. Nfd2 Bd8 17. b3 Nd7 18. Bb2 f5 19. exf5 Rxf5 20. d4 cxd4 21. cxd4 d5
22. Ne3 Rf8 23. Ba3 Rf7 24. Qg6 Nxd4 25. Bb2 Nf6 26. Rec1 Nc6 27. Nf3 d4 28.
Nc4 Ne7 29. Ncxe5 Nxg6 30. Rxc7 Nxe5 31. Nxe5 Rxc7 32. Bxd4 Bxb3 33. Ra3 Bd5
34. Re3 Rc1 35. Nd3 Rd1 36. Bc3 Rc8 37. Bxf6 Bxf6 38. g3 Bf7 39. Kg2 Bd5+ 40.
Kg1 Rc3 41. Re8+ Kh7 42. Nf4 Rcc1 43. Nxd5 Rxd5 44. Kg2 Rxa5 45. Bd3+ g6 46.
Re6 Kg7 47. Rb6 Rc7 48. h4 Rd5 49. Be4 Rb5 50. Re6 Kf7 51. Rd6 Ke7 52. Rd1 b6
53. Bxg6 Re5 54. Kf3 a5 55. h5 Rd7 56. Rb1 Rd6 57. g4 Rc5 58. Re1+ Re5 59. Rc1
Kd7 60. Bf5+ Ke7 61. Rc7+ Kd8 62. Rc8+ Ke7 63. Rc7+ Kf8 64. Bg6 Rc5 65. Rf7+
Kg8 66. Rb7 Rc8 67. Bh7+ Kf8 68. Bg6 a4 69. Ke4 Bg5 70. Ke5 Rf6 71. Bf5 Ra8 72.
f4 Ra5+ 73. Ke4 Bh4 74. Rb8+ Ke7 75. Rb7+ Kd8 76. Rd7+ Ke8 77. Rb7 a3 78. Rb8+
Ke7 79. Rb7+ Kd8 80. Rb8+ Kc7 81. Rc8+ Kd6 82. Rd8+ Kc5 83. Rd5+ Kb4 84. Rd4+
Kb5 85. Bd7+ Ka6 86. Bc8+ Ka7 87. Bf5 Rfxf5 88. gxf5 a2 0-1

[Event "4NCL Online Division 3"]
[Site "online"]
[Date "2020.05.19"]
[Round "7.134"]
[White "Brown, Hugh"]
[Black "Jeffs, David"]
[Result "0-1"]
[WhiteElo "1337"]
[BlackElo "1720"]
[PlyCount "118"]
[EventDate "2020.05.19"]
[WhiteTeam "Falmouth & Truro"]
[BlackTeam "Warley Mighty Quins"]

1. Nf3 d5 2. g3 b6 3. Bg2 Bb7 4. d4 e6 5. O-O Nf6 6. Nbd2 c5 7. c3 Nc6 8. Ne5
cxd4 9. Nxc6 Bxc6 10. Nf3 dxc3 11. bxc3 Be7 12. Re1 O-O 13. a4 Bd6 14. Ba3 Bxa3
15. Rxa3 Qd6 16. Ra1 Rfd8 17. Nd4 Qc7 18. Nb5 Bxb5 19. axb5 Qxc3 20. Rc1 Qb4
21. Qd3 Rdc8 22. Rb1 Qd6 23. e4 Nd7 24. exd5 e5 25. Qe3 Re8 26. Be4 Nf6 27.
Rbc1 Rac8 28. Rc6 Rxc6 29. bxc6 Nxe4 30. Qxe4 f6 31. Rc1 Re7 32. Qf5 Rc7 33.
Qe6+ Qxe6 34. dxe6 Kf8 35. Rd1 Rxc6 36. Rd7 Rxe6 37. Rxa7 h6 38. Rb7 Rd6 39.
Kg2 Kg8 40. h4 h5 41. Rb8+ Kh7 42. Rb7 Kg6 43. Kh3 f5 44. f3 Re6 45. Rb8 e4 46.
fxe4 fxe4 47. Kg2 Kf6 48. Kf2 g6 49. Ke3 Kf5 50. Rf8+ Kg4 51. Kf2 e3+ 52. Ke2
Kxg3 53. Rf3+ Kxh4 54. Rf1 Kg5 55. Rg1+ Kh6 56. Rb1 h4 57. Rh1 Kh5 58. Rg1 g5
59. Rb1 h3 0-1

[Event "4NCL Online Division 3"]
[Site "online"]
[Date "2020.05.19"]
[Round "7.141"]
[White "Pleasants, Allan J"]
[Black "Archer, Richard"]
[Result "0-1"]
[WhiteElo "2001"]
[BlackElo "1997"]
[PlyCount "142"]
[EventDate "2020.05.19"]
[WhiteTeam "Wessex Some Stars B"]
[BlackTeam "Shropshire 2"]

1. Nf3 Nf6 2. g3 c5 3. Bg2 g6 4. O-O Bg7 5. d3 O-O 6. e4 d6 7. Nbd2 Nc6 8. Re1
Qc7 9. a4 b6 10. Nc4 Bb7 11. Ne3 e6 12. Nc4 Rad8 13. Bf4 Nh5 14. Bg5 Rd7 15. c3
h6 16. Be3 Rfd8 17. Qd2 Kh7 18. g4 Nf6 19. h3 Ne5 20. Na3 a6 21. g5 Ng8 22. d4
Nxf3+ 23. Bxf3 f5 24. d5 fxe4 25. Bxe4 Bxd5 26. Bxd5 exd5 27. gxh6 Nxh6 28.
Qxd5 Rf7 29. Nc4 Rf5 30. Qg2 d5 31. Bxh6 Bxh6 32. Ne3 Bxe3 33. Rxe3 Rdf8 34.
Rae1 Qf4 35. R1e2 R8f7 36. Rg3 Qxa4 37. Rd3 Qd7 38. Red2 Qe6 39. Rxd5 Qe1+ 40.
Qf1 Qe6 41. Rd6 Rg5+ 42. Kh2 Qe5+ 43. Kh1 Qe4+ 44. Kh2 a5 45. Rd7 Qf4+ 46. Kh1
Rxd7 47. Rxd7+ Kh6 48. Rd3 a4 49. Qe2 b5 50. Qe3 Qxe3 51. Rxe3 Rd5 52. Re2 Kg5
53. Kg2 Kf4 54. f3 Re5 55. Rd2 Rg5+ 56. Kf2 Rg3 57. Rd5 Rxh3 58. Rxc5 Rh2+ 59.
Ke1 Rxb2 60. Kd1 Kxf3 61. Rg5 Rg2 62. Rxb5 a3 63. Ra5 a2 64. Kc1 g5 65. c4 Rg1+
66. Kb2 a1=Q+ 67. Rxa1 Rxa1 68. Kxa1 g4 69. c5 g3 70. c6 g2 71. c7 g1=Q+ 0-1

[Event "4NCL Online Division 3"]
[Site "online"]
[Date "2020.05.19"]
[Round "7.142"]
[White "Gostelow, David W"]
[Black "Weatherlake, John P"]
[Result "1-0"]
[WhiteElo "1990"]
[BlackElo "1890"]
[PlyCount "50"]
[EventDate "2020.05.19"]
[WhiteTeam "Shropshire 2"]
[BlackTeam "Wessex Some Stars B"]

1. d4 d6 2. Bf4 g6 3. e4 Bg7 4. Nc3 Nd7 5. Nf3 e5 6. dxe5 Nxe5 7. Nxe5 Bxe5 8.
Bxe5 dxe5 9. Qxd8+ Kxd8 10. O-O-O+ Bd7 11. Bc4 Nh6 12. Rd2 Kc8 13. Rhd1 Rd8 14.
Nd5 Ng8 15. Ne3 Nf6 16. f3 Rf8 17. g4 h6 18. h4 g5 19. Bb3 b5 20. Nd5 Nxd5 21.
Rxd5 Be6 22. Rxe5 gxh4 23. Rxb5 c6 24. Rh5 Bxb3 25. axb3 a5 1-0

[Event "4NCL Online Division 3"]
[Site "online"]
[Date "2020.05.19"]
[Round "7.143"]
[White "Pentakota, Rajasekhar"]
[Black "Keady, Mark A"]
[Result "1-0"]
[WhiteElo "1858"]
[BlackElo "1952"]
[PlyCount "27"]
[EventDate "2020.05.19"]
[WhiteTeam "Wessex Some Stars B"]
[BlackTeam "Shropshire 2"]

1. c4 e5 2. Nc3 f5 3. g3 Nf6 4. Bg2 Bc5 5. a3 c6 6. Qc2 e4 7. b4 Bb6 8. c5 Bc7
9. d3 exd3 10. Qxd3 d6 11. cxd6 Bxd6 12. Nh3 O-O 13. O-O Qb6 14. Qxd6 1-0

[Event "4NCL Online Division 3"]
[Site "online"]
[Date "2020.05.19"]
[Round "7.144"]
[White "Rooney, Steve"]
[Black "Adaway, William"]
[Result "0-1"]
[WhiteElo "1907"]
[BlackElo "1857"]
[PlyCount "98"]
[EventDate "2020.05.19"]
[WhiteTeam "Shropshire 2"]
[BlackTeam "Wessex Some Stars B"]

1. d4 Nf6 2. Bf4 d6 3. e3 Nbd7 4. Nd2 e5 5. Bg3 Be7 6. c3 O-O 7. dxe5 dxe5 8.
Ngf3 e4 9. Nd4 Nc5 10. h3 Re8 11. Bc4 Nd3+ 12. Bxd3 exd3 13. O-O a6 14. c4 c5
15. N4f3 Nh5 16. Bh2 Bd6 17. Bxd6 Qxd6 18. Re1 Nf6 19. Rc1 b5 20. e4 Nd7 21.
Re3 Nb6 22. e5 Qg6 23. Nh4 Qg5 24. Ndf3 Qe7 25. Qxd3 Nxc4 26. Rxc4 bxc4 27.
Qxc4 Be6 28. Qf4 Rab8 29. b3 Rb4 30. Re4 Rxe4 31. Qxe4 h6 32. Nf5 Bxf5 33. Qxf5
Rd8 34. Qe4 Qe6 35. Qb7 Rd1+ 36. Kh2 Ra1 37. Qb8+ Kh7 38. Qd6 Qxd6 39. exd6 Rd1
40. Ne5 Rxd6 41. Nc4 Re6 42. Ne3 Kg6 43. Kg3 Kf6 44. Kf3 Ke5 45. Ke2 Kd4 46.
Kd2 g6 47. g3 f5 48. Nc2+ Ke4 49. Ne3 Kf3 0-1

[Event "4NCL Online Division 3"]
[Site "online"]
[Date "2020.05.19"]
[Round "7.151"]
[White "Yeo, Gareth"]
[Black "Taylor, Alex B"]
[Result "1-0"]
[WhiteElo "1980"]
[BlackElo "1915"]
[PlyCount "55"]
[EventDate "2020.05.19"]
[WhiteTeam "West is Best 2"]
[BlackTeam "Horsham"]

1. d4 Nf6 2. c4 g6 3. Nc3 Bg7 4. e4 d6 5. Nge2 O-O 6. Ng3 e5 7. d5 Nbd7 8. Be2
a5 9. h4 h5 10. Bg5 Nc5 11. Bxh5 gxh5 12. Nxh5 Bg4 13. Nxf6+ Bxf6 14. Qxg4 Bxg5
15. hxg5 Kg7 16. Ke2 Rg8 17. Rh7+ Kf8 18. f4 exf4 19. Qxf4 Qe7 20. Rf1 Rg7 21.
Rh6 Re8 22. g6 Qe5 23. Rh8+ Ke7 24. Rxe8+ Kxe8 25. gxf7+ Kf8 26. Qh6 Nd7 27.
Qh8+ Ke7 28. Qe8# 1-0

[Event "4NCL Online Division 3"]
[Site "online"]
[Date "2020.05.19"]
[Round "7.152"]
[White "Heath, Chris W"]
[Black "Taylor, William J"]
[Result "0-1"]
[WhiteElo "1855"]
[BlackElo "1959"]
[PlyCount "86"]
[EventDate "2020.05.19"]
[WhiteTeam "Horsham"]
[BlackTeam "West is Best 2"]

1. e4 e5 2. Nf3 Nc6 3. Bc4 Bc5 4. c3 Nf6 5. d3 d6 6. Bb3 h6 7. Nbd2 a5 8. h3
O-O 9. Nf1 d5 10. Qe2 a4 11. Bc2 d4 12. Ng3 Be6 13. Nh4 b5 14. Nhf5 dxc3 15.
bxc3 b4 16. cxb4 Nd4 17. Qd1 Bxb4+ 18. Bd2 Bxd2+ 19. Qxd2 Qd7 20. Nxd4 Qxd4 21.
O-O Rfb8 22. Ne2 Qd6 23. Qc3 Ra6 24. Rfb1 Rxb1+ 25. Bxb1 c5 26. a3 Rb6 27. Ba2
Bxa2 28. Rxa2 Rb3 29. Qc4 Qxd3 30. Qxd3 Rxd3 31. f3 Kf8 32. Kf2 Ke7 33. Nc1 Rc3
34. Ne2 Rb3 35. Nc1 Rb1 36. Nd3 Nd7 37. Rc2 Kd6 38. Rc3 Rb3 39. Rxb3 axb3 40.
Nb2 Nb6 41. Ke2 c4 42. Kd2 Kc5 43. Kc3 Kb5 0-1

[Event "4NCL Online Division 3"]
[Site "online"]
[Date "2020.05.19"]
[Round "7.153"]
[White "Homer, Stephen J"]
[Black "Barrowclough, Richard"]
[Result "1-0"]
[WhiteElo "1988"]
[BlackElo "1577"]
[PlyCount "29"]
[EventDate "2020.05.19"]
[WhiteTeam "West is Best 2"]
[BlackTeam "Horsham"]

1. e4 c6 2. d4 d5 3. e5 Bf5 4. h4 h6 5. g4 Bh7 6. e6 fxe6 7. Bd3 Nf6 8. Bxh7
Nxh7 9. Qd3 Qb6 10. Nf3 c5 11. Qg6+ Kd7 12. Ne5+ Kc7 13. Bf4 Qd6 14. Nd3 e5 15.
Bxe5 1-0

[Event "4NCL Online Division 3"]
[Site "online"]
[Date "2020.05.19"]
[Round "7.154"]
[White "Trofin, Marian"]
[Black "Jukes, Sam"]
[Result "0-1"]
[WhiteElo "1525"]
[BlackElo "1871"]
[PlyCount "68"]
[EventDate "2020.05.19"]
[WhiteTeam "Horsham"]
[BlackTeam "West is Best 2"]

1. d4 Nf6 2. Nc3 d5 3. h3 e6 4. a3 c5 5. Nf3 Nc6 6. Bg5 h6 7. Bh4 cxd4 8. Nxd4
Be7 9. Bg3 a6 10. e3 O-O 11. Be2 Bd6 12. O-O Bxg3 13. fxg3 e5 14. Nf5 d4 15.
exd4 exd4 16. Na2 Qb6 17. Qd3 Nd5 18. Kh1 Bxf5 19. Rxf5 Ne3 20. b4 Nxf5 21.
Qxf5 Rae8 22. Bd3 g6 23. Qf6 Re6 24. Qf4 Kg7 25. Rf1 Ne5 26. Qd2 Nxd3 27. cxd3
Rfe8 28. Nc1 Rf6 29. Rg1 Qd6 30. Ne2 Rf2 31. Re1 Qc6 32. Rg1 Rexe2 33. Qc1 Rxg2
34. Qxc6 Rh2# 0-1

[Event "4NCL Online Division 3"]
[Site "online"]
[Date "2020.05.19"]
[Round "7.161"]
[White "Tello, Yasser"]
[Black "Scott, David A"]
[Result "0-1"]
[WhiteElo "1900"]
[BlackElo "2122"]
[PlyCount "80"]
[EventDate "2020.05.19"]
[WhiteTeam "Wimbledon 2"]
[BlackTeam "Surbiton 2"]

1. e4 e6 2. Nf3 d5 3. exd5 exd5 4. d4 Nf6 5. c4 Bb4+ 6. Nc3 O-O 7. Be2 Be6 8.
O-O dxc4 9. Ne5 Bxc3 10. bxc3 b5 11. Bg5 Bd5 12. f4 Qd6 13. Bh4 Ne4 14. Qc1 f6
15. Ng4 f5 16. Ne5 Nd7 17. a4 a6 18. Bf3 Nb6 19. a5 Nd7 20. g4 fxg4 21. Bxg4
Ndf6 22. Bf3 Qe6 23. Ra2 Qh3 24. Be1 Nd6 25. Qe3 Nfe4 26. Rg2 Nf5 27. Qe2 Nf6
28. Bxd5+ Nxd5 29. Rf3 Qh6 30. Bd2 Rae8 31. Rg5 Qd6 32. Rh3 g6 33. Qg2 Re6 34.
Rgh5 Re7 35. Qg5 Rg7 36. Rh6 Nxh6 37. Qxh6 Rf5 38. Nf3 Rh5 39. Rxh5 gxh5+ 40.
Kf2 Qxh6 0-1

[Event "4NCL Online Division 3"]
[Site "online"]
[Date "2020.05.19"]
[Round "7.162"]
[White "Ratnesan, Rajeiv"]
[Black "Silva Peña, Ángel David"]
[Result "1-0"]
[WhiteElo "1945"]
[BlackElo "1862"]
[PlyCount "79"]
[EventDate "2020.05.19"]
[WhiteTeam "Surbiton 2"]
[BlackTeam "Wimbledon 2"]

1. Nf3 Nf6 2. g3 e6 3. Bg2 d5 4. O-O Be7 5. c4 O-O 6. b3 a5 7. Bb2 a4 8. d4 c6
9. Nc3 a3 10. Bc1 Nbd7 11. Qc2 b6 12. Bf4 Bb7 13. Rac1 Rc8 14. Rfd1 c5 15. dxc5
bxc5 16. cxd5 exd5 17. e3 h6 18. h4 Qa5 19. Ne1 Nb6 20. Nd3 c4 21. Ne5 Nh5 22.
Ne2 Bf6 23. bxc4 Nxf4 24. exf4 Bxe5 25. fxe5 Nxc4 26. Qb3 Bc6 27. Qc3 Qa6 28.
Nd4 Ba4 29. Re1 Rfd8 30. Nf5 Qe6 31. Nd4 Qb6 32. e6 Nd6 33. exf7+ Nxf7 34. Qxc8
Rxc8 35. Rxc8+ Kh7 36. Bxd5 Nd6 37. Bg8+ Kg6 38. Re6+ Kh5 39. Bf7+ Kg4 40. Rg6+
1-0

[Event "4NCL Online Division 3"]
[Site "online"]
[Date "2020.05.19"]
[Round "7.163"]
[White "Hernandez, Federico"]
[Black "Bayly, Liam"]
[Result "1/2-1/2"]
[WhiteElo "1795"]
[BlackElo "1937"]
[PlyCount "45"]
[EventDate "2020.05.19"]
[WhiteTeam "Wimbledon 2"]
[BlackTeam "Surbiton 2"]

1. e4 c5 2. Nf3 Nc6 3. d4 cxd4 4. Nxd4 g6 5. c4 Bg7 6. Be3 Nf6 7. Nc3 Ng4 8.
Nxc6 Nxe3 9. Nxd8 Nxd1 10. Nxd1 Kxd8 11. Rc1 b6 12. Be2 d6 13. O-O Be6 14. b3
Rc8 15. Nc3 Kc7 16. Nd5+ Bxd5 17. cxd5+ Kb7 18. Bg4 Rxc1 19. Rxc1 Rd8 20. f4
Bd4+ 21. Kh1 h5 22. Bh3 a5 23. a4 1/2-1/2

[Event "4NCL Online Division 3"]
[Site "online"]
[Date "2020.05.19"]
[Round "7.164"]
[White "Janota, Paul S"]
[Black "Williams, Michael D"]
[Result "1-0"]
[WhiteElo "1844"]
[BlackElo "1765"]
[PlyCount "61"]
[EventDate "2020.05.19"]
[WhiteTeam "Surbiton 2"]
[BlackTeam "Wimbledon 2"]

1. e4 c6 2. Nc3 d5 3. Qf3 d4 4. Bc4 e6 5. Nce2 b5 6. Bb3 Bb7 7. d3 c5 8. Qg3
Nf6 9. Bg5 h6 10. Bxf6 Qxf6 11. Nf3 Nc6 12. e5 Qd8 13. O-O g5 14. Rae1 Bg7 15.
h4 Ne7 16. hxg5 Nf5 17. Qg4 hxg5 18. Ng3 Bxf3 19. Qxf3 Nxg3 20. fxg3 O-O 21.
Qh5 Rc8 22. a3 c4 23. dxc4 bxc4 24. Ba2 Rc5 25. Kf2 Bxe5 26. Rh1 Qf6+ 27. Kg1
Qg7 28. b4 cxb3 29. Bxb3 Bxg3 30. Rxe6 d3 31. Rg6 1-0

[Event "4NCL Online Division 3"]
[Site "online"]
[Date "2020.05.26"]
[Round "8.11"]
[White "Lockett, Karl"]
[Black "Chesters, Tim"]
[Result "0-1"]
[WhiteElo "1810"]
[BlackElo "2062"]
[PlyCount "88"]
[EventDate "2020.05.26"]
[WhiteTeam "Crewe"]
[BlackTeam "Hull Romans"]

1. Nf3 d5 2. c4 d4 3. e3 Nc6 4. b4 dxe3 5. fxe3 Nxb4 6. d4 e5 7. a3 Nc6 8. d5
e4 9. Nfd2 Ne5 10. Nxe4 Qh4+ 11. Nf2 Nf6 12. Be2 Bd6 13. Nc3 Bd7 14. Qd4 Ng6
15. Qxh4 Nxh4 16. O-O O-O 17. e4 Be5 18. Bd2 Bd4 19. Kh1 Rfe8 20. Bd3 Ng6 21.
Rac1 a6 22. Rce1 Ne5 23. Be2 b6 24. Rc1 Bc5 25. a4 h6 26. Bf4 Bd4 27. Bxe5 Bxe5
28. Bd3 Bd4 29. Nfd1 Bc5 30. Nb2 Ng4 31. Nbd1 h5 32. Rc2 g6 33. Be2 Kg7 34.
Bxg4 hxg4 35. Nf2 g3 36. Nd3 Bd4 37. Ne2 Rxe4 38. Nxg3 Re3 39. Rcf2 f5 40. Nb4
Bc5 41. Nc2 Rc3 42. Re2 Rxg3 43. Re7+ Bxe7 44. hxg3 Bc5 0-1

[Event "4NCL Online Division 3"]
[Site "online"]
[Date "2020.05.26"]
[Round "8.12"]
[White "Varley, Joe"]
[Black "Renegade, Richard"]
[Result "1-0"]
[WhiteElo "1892"]
[BlackElo "1735"]
[PlyCount "57"]
[EventDate "2020.05.26"]
[WhiteTeam "Hull Romans"]
[BlackTeam "Crewe"]

1. e4 Nc6 2. Nf3 f5 3. d3 e5 4. Nc3 Bb4 5. Be2 d5 6. exd5 Qxd5 7. O-O Bxc3 8.
bxc3 Nf6 9. c4 Qa5 10. Re1 O-O 11. Bb2 e4 12. Nd2 e3 13. fxe3 Qb6 14. Rb1 Qxe3+
15. Kh1 Qh6 16. Bf3 Ng4 17. Bxg4 fxg4 18. Ne4 Bd7 19. Ba3 Rf7 20. Rxb7 Nd4 21.
Rxc7 Qh4 22. Ng3 Rf2 23. Kg1 Rxg2+ 24. Kxg2 Qh3+ 25. Kh1 Bc6+ 26. Rxc6 Nxc6 27.
Bb2 Rf8 28. Qe2 Nd8 29. Ba3 1-0

[Event "4NCL Online Division 3"]
[Site "online"]
[Date "2020.05.26"]
[Round "8.13"]
[White "Gardiner, Harry"]
[Black "Crow, Stephen"]
[Result "0-1"]
[WhiteElo "1697"]
[BlackElo "1847"]
[PlyCount "44"]
[EventDate "2020.05.26"]
[WhiteTeam "Crewe"]
[BlackTeam "Hull Romans"]

1. d4 e6 2. c4 f5 3. g3 Nf6 4. Bg2 Be7 5. Nf3 O-O 6. Nc3 d6 7. O-O Ne4 8. Nxe4
fxe4 9. Nd2 d5 10. f3 e3 11. Nb1 c5 12. Bxe3 Nc6 13. Bf2 cxd4 14. Bxd4 Nxd4 15.
Qxd4 Bf6 16. Qd2 Qb6+ 17. Kh1 Qxb2 18. Qxb2 Bxb2 19. Nd2 Bxa1 20. Rxa1 b6 21.
cxd5 Rd8 22. f4 Bb7 0-1

[Event "4NCL Online Division 3"]
[Site "online"]
[Date "2020.05.26"]
[Round "8.14"]
[White "Pollard, Michael"]
[Black "Layhe, Neville"]
[Result "1/2-1/2"]
[WhiteElo "1660"]
[BlackElo "1607"]
[PlyCount "131"]
[EventDate "2020.05.26"]
[WhiteTeam "Hull Romans"]
[BlackTeam "Crewe"]

1. e4 d5 2. exd5 Nf6 3. Nc3 Nxd5 4. Nxd5 Qxd5 5. Qf3 c6 6. c4 Qf5 7. Qxf5 Bxf5
8. d4 e6 9. Nf3 Nd7 10. a3 Bd6 11. c5 Bc7 12. Be2 O-O 13. O-O Rad8 14. Nh4 Be4
15. Re1 Bd5 16. Nf3 e5 17. b4 a6 18. Bg5 f6 19. Be3 exd4 20. Bxd4 Bxf3 21. Bxf3
Ne5 22. Bxe5 Bxe5 23. Rad1 Kf7 24. g3 Rxd1 25. Rxd1 Ke7 26. a4 Rd8 27. Rxd8
Kxd8 28. b5 axb5 29. axb5 Kc7 30. Be4 h6 31. Kf1 Bd4 32. bxc6 bxc6 33. Ke2 Bxc5
34. f4 Kd6 35. h3 Bb4 36. g4 c5 37. Kd3 g5 38. fxg5 hxg5 39. Ke3 Ke5 40. Bd3
Bc3 41. Bc4 Bd4+ 42. Kf3 Bb2 43. Ke3 Bc1+ 44. Kf3 Kd4 45. Bb5 c4 46. Ke2 c3 47.
Bd3 Bf4 48. Bf5 Kc4 49. Bc2 Bd2 50. Kf3 Kd4 51. Ke2 Ke5 52. Kf3 Kd4 53. Ke2 Kc4
54. Kf3 Kb4 55. Ke2 Ka3 56. Kd1 Kb2 57. Bd3 Bf4 58. Bc2 Ka3 59. Bd3 Kb4 60. Kc2
Be5 61. Kd1 Kc5 62. Ke2 Kd4 63. Bf5 Bf4 64. Kf3 Kc4 65. Ke2 Kb3 66. Kd1 1/2-1/2

[Event "4NCL Online Division 3"]
[Site "online"]
[Date "2020.05.26"]
[Round "8.21"]
[White "Finn, Peter"]
[Black "Porter, Sam J"]
[Result "1-0"]
[WhiteElo "1959"]
[BlackElo "1975"]
[PlyCount "95"]
[EventDate "2020.05.26"]
[WhiteTeam "CSC 3"]
[BlackTeam "3 Smarties 1 Tube"]

1. e4 c5 2. Nf3 d6 3. d4 cxd4 4. Nxd4 Nf6 5. f3 e5 6. Nb3 d5 7. Bg5 Be6 8. Bxf6
gxf6 9. exd5 Qxd5 10. Qxd5 Bxd5 11. Nc3 Be6 12. O-O-O Nc6 13. Bb5 Rc8 14. Ne4
f5 15. Nf6+ Ke7 16. Nd5+ Bxd5 17. Rxd5 Kf6 18. Rd7 Nb4 19. c3 a6 20. Be2 b5 21.
Kb1 Nc6 22. Rhd1 Be7 23. Rb7 Rb8 24. Rdd7 Rxb7 25. Rxb7 Rb8 26. Rc7 Rb6 27. g4
fxg4 28. fxg4 h6 29. Bf3 Nd8 30. Ra7 Ke6 31. Be4 Nc6 32. Ra8 Nb8 33. Bf5+ Kf6
34. Nd2 Kg5 35. a4 Kf4 36. a5 Rb7 37. Bc8 Rc7 38. Rxb8 Rc6 39. Bf5 Rd6 40. Ne4
Rd1+ 41. Ka2 h5 42. Rb7 Bd8 43. Rxf7 Rg1 44. h3 Bxa5 45. gxh5 b4 46. cxb4 Bxb4
47. h6 Rg8 48. Bh7+ 1-0

[Event "4NCL Online Division 3"]
[Site "online"]
[Date "2020.05.26"]
[Round "8.22"]
[White "Barron, Luke J"]
[Black "Samarasinghe Jude, Ranga"]
[Result "1/2-1/2"]
[WhiteElo "1927"]
[BlackElo "1924"]
[PlyCount "111"]
[EventDate "2020.05.26"]
[WhiteTeam "3 Smarties 1 Tube"]
[BlackTeam "CSC 3"]

1. c4 c5 2. Nc3 Nf6 3. g3 d5 4. cxd5 Nxd5 5. Bg2 Nc7 6. Nf3 Nc6 7. O-O e5 8. d3
f6 9. Bd2 Be6 10. Rc1 Qd7 11. Ne4 b6 12. Nc3 Rc8 13. Qa4 a6 14. Qd1 Nb5 15.
Nxb5 axb5 16. a3 Be7 17. h4 O-O 18. Be3 Rfd8 19. h5 b4 20. h6 g6 21. Nd2 bxa3
22. bxa3 Nd4 23. Nc4 Rb8 24. a4 Nf5 25. Bd2 Bf8 26. a5 Bxc4 27. Rxc4 b5 28. Rc1
c4 29. a6 Bc5 30. Ba5 Nxg3 31. Bxd8 Rxd8 32. dxc4 Qe7 33. Bd5+ Kh8 34. Re1 Qf8
35. Qb3 Nf5 36. cxb5 Nxh6 37. Bf3 e4 38. Bxe4 Ng4 39. Rxc5 Qxc5 40. Qg3 Qb4 41.
Qxg4 Qxe1+ 42. Kg2 Qb4 43. Qf3 Rd4 44. Qxf6+ Kg8 45. f3 Rxe4 46. fxe4 Qxb5 47.
Kf3 Qb3+ 48. Kf4 Qb8+ 49. Qe5 Qf8+ 50. Ke3 Qa3+ 51. Kf4 Qxa6 52. Qd5+ Kg7 53.
Qd7+ Kh6 54. Qh3+ Kg7 55. Qd7+ Kh6 56. Qh3+ 1/2-1/2

[Event "4NCL Online Division 3"]
[Site "online"]
[Date "2020.05.26"]
[Round "8.23"]
[White "Evans, Harry G"]
[Black "Porter, James D"]
[Result "1-0"]
[WhiteElo "1915"]
[BlackElo "1749"]
[PlyCount "71"]
[EventDate "2020.05.26"]
[WhiteTeam "CSC 3"]
[BlackTeam "3 Smarties 1 Tube"]

1. Nf3 d5 2. c4 c6 3. b3 Nf6 4. g3 g6 5. Bb2 Bg7 6. Bg2 O-O 7. O-O Bf5 8. d3
Na6 9. Na3 Qd7 10. cxd5 cxd5 11. Re1 Nb4 12. Qd2 Nc6 13. Nc2 Rfe8 14. Ncd4 Bg4
15. Nxc6 bxc6 16. Ne5 Qd6 17. Nxg4 Nxg4 18. Bxg7 Kxg7 19. Rac1 Qf6 20. Rf1 Rac8
21. Bh3 h5 22. d4 e6 23. Rc5 Rc7 24. Bxg4 hxg4 25. Qf4 Qxf4 26. gxf4 Kf6 27.
Rfc1 Rec8 28. b4 Rb8 29. a3 Rb6 30. Kg2 Kf5 31. Kg3 Ke4 32. Kxg4 Ra6 33. R1c3
Rc8 34. Re3+ Kxd4 35. Rd3+ Ke4 36. f3# 1-0

[Event "4NCL Online Division 3"]
[Site "online"]
[Date "2020.05.26"]
[Round "8.24"]
[White "Eggl, Maximilian"]
[Black "Kan, Toby"]
[Result "0-1"]
[WhiteElo "1622"]
[BlackElo "1892"]
[PlyCount "62"]
[EventDate "2020.05.26"]
[WhiteTeam "3 Smarties 1 Tube"]
[BlackTeam "CSC 3"]

1. c4 c5 2. Nc3 g6 3. g3 Bg7 4. Bg2 Nc6 5. e4 d6 6. Nge2 e6 7. O-O Nge7 8. d3
O-O 9. Rb1 b6 10. a3 Bb7 11. b4 Qd7 12. b5 Nd4 13. Nxd4 cxd4 14. Ne2 f5 15.
exf5 Bxg2 16. Kxg2 Nxf5 17. Nf4 Rae8 18. Re1 d5 19. cxd5 e5 20. Nh3 Qxd5+ 21.
Kg1 h6 22. Qb3 Qxb3 23. Rxb3 Rc8 24. f4 exf4 25. Nxf4 g5 26. Nd5 Rc5 27. Ne7+
Nxe7 28. Rxe7 Rxc1+ 29. Kg2 Rc2+ 30. Kg1 Rff2 31. Rb4 Bf8 0-1

[Event "4NCL Online Division 3"]
[Site "online"]
[Date "2020.05.26"]
[Round "8.31"]
[White "Warren, Alex M"]
[Black "Dicks, Duncan"]
[Result "0-1"]
[WhiteElo "1960"]
[BlackElo "2155"]
[PlyCount "68"]
[EventDate "2020.05.26"]
[WhiteTeam "CSC 4"]
[BlackTeam "Stroud The Young"]

1. Nf3 d5 2. c4 e6 3. g3 Nf6 4. Bg2 Be7 5. O-O O-O 6. b3 c5 7. e3 Nc6 8. Bb2 d4
9. exd4 cxd4 10. d3 e5 11. Nbd2 Bf5 12. Qe2 Nd7 13. Rfe1 Re8 14. Ne4 Bg6 15. a3
a5 16. Qc2 f5 17. Ned2 Bf6 18. c5 Rc8 19. b4 Bf7 20. Nc4 axb4 21. Nd6 b3 22.
Qd2 Nxc5 23. Nxe8 Bxe8 24. Rac1 Na4 25. Re2 Bf7 26. Ne1 Bh5 27. Bf3 Bg5 28. Qd1
Bf7 29. Rxc6 bxc6 30. h4 Bf6 31. Ng2 Nc3 32. Qe1 Nxe2+ 33. Qxe2 Bd5 34. Ne1 c5
0-1

[Event "4NCL Online Division 3"]
[Site "online"]
[Date "2020.05.26"]
[Round "8.32"]
[White "Southcott-Moyers, Indy"]
[Black "Mashayekh, Majid"]
[Result "0-1"]
[WhiteElo "1442"]
[BlackElo "1881"]
[PlyCount "93"]
[EventDate "2020.05.26"]
[WhiteTeam "Stroud The Young"]
[BlackTeam "CSC 4"]

1. d4 c5 2. d5 Nf6 3. c4 e5 4. Nc3 d6 5. e4 Be7 6. Nf3 O-O 7. Be2 a6 8. a4 b6
9. O-O Nbd7 10. Ne1 Ne8 11. f4 exf4 12. Bxf4 Bf6 13. Qd2 Ne5 14. h3 Ng6 15. Bg3
Bg5 16. Qc2 Be3+ 17. Bf2 Qg5 18. Nf3 Qh6 19. Bxe3 Qxe3+ 20. Kh1 f5 21. Qd2 Qf4
22. Qxf4 Nxf4 23. Nd2 Nxe2 24. Nxe2 Ra7 25. exf5 Bxf5 26. Ng3 Bd3 27. Rxf8+
Kxf8 28. Re1 b5 29. cxb5 axb5 30. Re3 c4 31. axb5 Ra2 32. Nf3 Rxb2 33. Nd4 Nf6
34. Re6 Nxd5 35. Rxd6 Nf4 36. Ne6+ Ke7 37. Nxf4 Kxd6 38. Nxd3 cxd3 39. Ne4+ Ke5
40. Nc5 Kd4 41. Ne6+ Ke3 42. Nxg7 d2 43. Nf5+ Kf4 44. Nd4 d1=Q+ 45. Kh2 Qxd4
46. b6 Qe4 47. b7 0-1

[Event "4NCL Online Division 3"]
[Site "online"]
[Date "2020.05.26"]
[Round "8.33"]
[White "Frostick, Helen M"]
[Black "Carey, Alex"]
[Result "1-0"]
[WhiteElo "1855"]
[BlackElo "1442"]
[PlyCount "147"]
[EventDate "2020.05.26"]
[WhiteTeam "CSC 4"]
[BlackTeam "Stroud The Young"]

1. e4 c5 2. Nc3 Nc6 3. d3 d6 4. f4 Nf6 5. Nf3 Bg4 6. Be2 g6 7. O-O Bg7 8. Be3
O-O 9. h3 Bxf3 10. Bxf3 Nd7 11. Qd2 e6 12. a4 Nd4 13. Nd1 Qb6 14. c3 Nb3 15.
Qe2 Nxa1 16. b4 Nb3 17. Qc2 Nd4 18. cxd4 Bxd4 19. bxc5 Qxc5 20. Qe2 Bxe3+ 21.
Nxe3 Rac8 22. Kh2 a6 23. f5 Ne5 24. f6 Nxf3+ 25. Qxf3 Qe5+ 26. Kh1 Qg5 27. Nc4
Rfd8 28. Qf2 Rc6 29. h4 Qh5 30. Qf4 e5 31. Qg3 Rdc8 32. Kh2 b5 33. axb5 axb5
34. Ne3 Rc3 35. Nd5 Rc1 36. Rf5 Qd1 37. Qg5 Qh5 38. Qg3 Qh6 39. Ne7+ Kh8 40.
Rg5 R8c2 41. Nf5 Qf8 42. Ne3 Re2 43. Nd5 Ree1 44. Qf2 Rh1+ 45. Kg3 Qh6 46. Rg4
Rcf1 47. Qb6 Qf8 48. Qxb5 h5 49. Rg5 Rd1 50. Qc4 Rc1 51. Qb4 Rhd1 52. Qb5 Rc5
53. Qb3 Rcc1 54. Ne7 Kh7 55. Nd5 Rb1 56. Qc3 Qb8 57. Ne3 Rb3 58. Qc4 Rb7 59.
Nxd1 Qf8 60. Ne3 Qh6 61. Qd5 Rd7 62. Qc6 Rd8 63. Qc7 Qf8 64. Nc4 Rc8 65. Qxd6
Qxd6 66. Nxd6 Rd8 67. Nxf7 Rxd3+ 68. Kf2 Rd4 69. Ke3 Kg8 70. Nxe5 Ra4 71. Rxg6+
Kf8 72. Rh6 Kg8 73. Rxh5 Ra3+ 74. Kf4 1-0